|
|
|
|
| LEADER |
01180nab#a2200385#ar4500 |
| 001 |
000082921 |
| 003 |
SVKKK |
| 005 |
20070226145651.0 |
| 008 |
050331c2005 bu e eng |
| FMT |
|
|
|
| 015 |
|
|
|a SNBRB2007/02-ccccc
|
| 038 |
|
|
|a SVKKK
|
| 040 |
|
|
|a SVKKK
|b slo
|e AACR2
|
| 041 |
0 |
|
|a eng
|b eng
|
| 044 |
|
|
|a bu
|c BG
|
| 080 |
|
|
|a 546.661
|2 1997
|
| 080 |
|
|
|a 631.417.8
|2 1997
|
| 242 |
1 |
0 |
|a Syntéza Gd2O3: nanokryštalické Eu syntetizované koloidným procesom EDTA a luminiscenčné vlastnosti
|
| 245 |
0 |
0 |
|a Synthesis of Gd2O3: Eu nanocrystalline by EDTA complexing sol-gel process and luminescent properties
|c Yong-Qing Zhai ... [et al.]
|
| 300 |
|
|
|b Obr., tab.
|
| 504 |
|
|
|a Bibliogr. odkazy
|
| 504 |
|
|
|a Res. angl.
|
| 650 |
0 |
4 |
|a cheláty
|x európium
|x vlastnosti luminiscenčné
|
| 700 |
1 |
|
|a Dai, Xiu-Lian
|4 aut
|
| 700 |
1 |
|
|a Liu, Bao-Sheng
|4 aut
|
| 700 |
1 |
|
|a Qiu, Man-De
|4 aut
|
| 700 |
1 |
|
|a Yao, Zi-Hua
|4 aut
|
| 700 |
1 |
|
|a Zhai, Yong-Qing
|4 aut
|
| 773 |
0 |
|
|t Journal of materials science and technology
|x 0861-9786
|g Roč. 13, č. 4 (2005), s. 249-261
|
| 958 |
|
|
|a NB
|
| 992 |
|
|
|a RBX
|
| BAS |
|
|
|
| 852 |
|
|
|a SVKKK
|b BIB
|
| EXP |
|
|
|
| 998 |
|
|
|a HUT
|